100 вопросов о Библии и христианстве - Statistics

General Stats
  • This quiz has been taken 4 times
  • The average score is 39 of 100
Answer Stats
Вопрос Ответ % Correct
Часть священного писания, повествующего о земном и загробном пути Иисуса Христа Новый завет
75%
Мистическое иудейское учение, занимающееся дешифровкой Библии как текста с целью постижения тайн мироздания Каббала
75%
Персонаж, поцеловавший Иисуса перед его арестом Иуда
75%
Мотив убийства Каином своего младшего брата Авеля Зависть
75%
День недели, в который бог отдыхал при сотворении мира Суббота
75%
Фреска работы Леонардо да Винчи, изображающая секретное собрание Иисуса со своими апостолами Тайная вечеря
75%
Официальная работа Иосифа, ставшего Иисусу de facto отчимом Плотник
75%
Слово для обозначения не-еврея в иудаизме Гой
75%
Город взросления Иисуса Назарет
75%
Кость Адама, из которой была сделана Ева Ребро
75%
Отпущение греха церковью за денежное вознаграждение Индульгенция
75%
Круглый ореол над головой святых на иконах Нимб
75%
Древний город-башня, разрушенный богом за попытку смертных приблизиться к нему Вавилон
75%
Официальное церковное название смерти Девы Марии Успение
75%
Ровно столько лет Моисей скитался по пустыне с освобождённым еврейским народом 40
75%
Именем какого святого в христианстве наречён перевёрнутый крест Пётр
50%
Пасхальный обряд поедания плоти (просфоры) и крови (кагора) Иисуса Христа Евхаристия
50%
Главный апологет средневековой схоластики как господствующего на тот момент философского учения Фома Аквинский
50%
Древний богатый землевладелец, считается прародителем иудеев как нации Авраам
50%
Имя Девы Марии в Коране Мариам
50%
Точка зрения касаемо происхождения вселенной как некоего божественного провидения Креационизм
50%
Религиозный мыслитель, положивший начало крупнейшему расколу католической церкви Мартин Лютер
50%
Зажиточный иудей, веру которого бог проверял его личным экономическим упадком Иов
50%
Какое-либо одно из двух "запретных" имён бога Яхве / Элохим
50%
Античный философ, признанный средневековыми схоластами "христианином до Христа" Сократ
50%
Вор, который мог быть осужден рабами-иудеями вместо Иисуса Варава
50%
Имя христианского бога на Ямайке Джа
50%
Статус святого "не от мира сего" Блаженный / Юродивый
50%
Самый тяжкий из грехов по Данте Предательство
50%
Знаменитый саван с отпечатком лица Иисуса на нём Туринская плащаница
50%
Церковное название перекрещивания пальцами рук Крестное знамение
50%
Часть мужского тела, названная "Адамовым яблоком", так как, по легенде, именно в этом месте у него в горле застрял кусок плода Древа познания Кадык
50%
Автор поэмы "Потерянный рай" Джон Мильтон
50%
День недели, по которому обычно работают дополнительные христианские школы для отстающих Воскресенье
50%
Приспособление на подвесе для окуривания помещения церкви во время служб Кадило
50%
Современное название города-столицы Византии Стамбул
50%
Церковное имя предыдущего папы римского Франциск
50%
В дельте какой реки по преданию располагается Земля обетованная? Иордан
50%
Святой, анонимно даривший детям из бедных семей подарки на Рождество Христово, прообраз любого рождественского деда Николай-чудотворец
50%
Небесное имя ангела-отступника, пошедшего против бога и низвергнутого за то в бездну Самаэль
25%
Место родов Девы Марии Ясли
25%
Встречный прохожий, оскорбивший Иисуса, несущего свой собственный крест на Голгофу, и за это обречённый на вечные скитания Агасфер
25%
Демон чревоугодия Вельзевул
25%
Любимый апостол Иисуса Христа Павел
25%
Имя небесного тела, зажёгшегося в ночном небе и тем самым возвестившего волхвам о рождении нового мессии Вифлеемская звезда
25%
Именно так называлась учение Иисуса Христа при его жизни, переводившееся с латинского как "школа" Секта
25%
Официальное название казни от рук инквизиции Аутодафе
25%
Французский писатель-сатирик, хлёстко изобличавший Ватикан в конце XIX века Лео Таксиль
25%
Христианский святой, мучимый искушениями и оттого живший отшельником Антоний
25%
Средневековый живописец, известный своими более чем причудливыми монументальными полотнами на религиозную тематику Иероним Босх
25%
Еврейская девушка, известная жестоким убийством своего отца Юдифь
25%
Диагноз задержки в психо-эмоциональном развитии, а также грубое эйблистское оскорбление при сомнении в чьих-то умственных способностях, пошедшие от слова "христианин" Кретин
25%
Монументальный духовный труд, написанный Иоанном Богословом Книга откровений
25%
Животное, спасшее младенца Иисуса от царя Ирода в пещере Паук
25%
Место в храме, с которого священник читает проповеди Амвон
25%
Подмосковный город, построенный вокруг самого известного православного мужского монастыря Сергиев Посад
25%
Дисциплина по толкованию смысла священных текстов Богословие
25%
Цикл сказочно-фэнтезийных произведений английского писателя Клайва Льюиса, написанный на основе Библии Хроники Нарнии
25%
Широко распространённая по всему миру христианская секта, предрекающая скорый Апокалипсис Свидетели Иеговы
25%
В честь какого святого назван крест, принятый в православии Лазарь
25%
Явление, которое якобы чудодейственным образом происходит в Иерусалиме в Великую субботу Благодатный огонь
25%
Название "плача" икон святых Мираточение
25%
Створчатые двери крупного католического храма Портал
25%
Особые католические монашеские красные чётки с распятием, перебираемые с молитвами благодарности Розарий
25%
Чёрная украшенная белыми узорами одежда монаха-аскета Схима
25%
Основатель секты мормонов Джозеф Смит
25%
Личное убеждение, при котором человек выступает не против религии или бога, а против централизованной церкви Антиклерикализм
25%
Что в известной дилемме подвергает сомнению всемогущество бога? Тяжёлый камень
25%
Патриарх русской православной церкви, подвергший анафеме советскую власть Тихон
25%
Автор известной картины "Возвращение блудного сына" Рембрандт
25%
Божественные сущности с шестью перьевыми крылами Серафимы
25%
С внешней стороны кольца, подаренного царю Соломону волхвом, было выгравировано "Всё проходит". А какая фраза была набита на внутренней? "И это пройдёт"
25%
Особая отметина на теле мученика, символизирующая прикосновение бога Стигмата
25%
Музыкальный жанр группового пения мелодичных хоралов под музыку в баптистской церкви Госпел
25%
Своды заповедей, выгравированные господом на каменных табличках и принесённые Моисеем иудейскому народу Скрижали
25%
Вещество, и которое Иисус мог превращать в вино, и по которому он мог ходить Вода
25%
Какого из сыновей Ноя, строителя ковчега, с позором изгнали из семьи за то, что тот посмеялся над своим отцом, когда тот был пьян? Хам
25%
Особый небольшой шкаф с витриной для хранения иконы Киот
25%
Во что облачена Жена, один из символов апокалипсиса? Солнце
25%
Каким научным термином можно охарактеризовать непорочное зачатие? Партеногенез
25%
Карательный орган при католической церкви, занимавшийся жестокими расправами над условными еретиками Инквизиция
25%
Эволюционный биолог, рьяно защищавший теорию Дарвина от нападок со стороны христианской церкви Томас Гексли
25%
Особый постриг католических монахов, при котором лишь макушка остаётся лысой Тонзура
25%
Архитектурный элемент, являвшийся Иакову в его снах Лестница
25%
Термин, описывающий не шибко последовательного христианина, исполняющего самые базовые ритуалы и не знающего слова божьего Фарисей
25%
Современная пародийная религия, почитающая в качестве бога Летающего макаронного монстра Пастафарианство
25%
Религиозный взгляд, утверждающий, что бог мог лишь создать вселенную, но не обязательно, что он её контролирует Деизм
25%
В известном романе Михаила Булгакова персонаж Мастер сам пишет роман, где иносказательно изображает Христа в образе этого своего персонажа Иешуа Га-Ноцри
25%
Основатель официальной Церкви сатаны в США в конце XX века Антон ЛаВэй
25%
Один из эвфемизмов для имени Христа, присутствующий в названиях картины авангардного художника Рене Магритта и книги российского священника Александра Меня Сын человеческий
25%
Для какого из своих произведений Фёдор Достоевский использовал образы Христа и Антихриста в качестве протагониста и антагониста соответственно? Идиот
25%
Церковный обряд, при котором прихожанин рассказывает священнику о своём грехе, чтобы тот ему его отпустил Исповедь
25%
Малочисленная группа верующих христиан, крестящихся двумя перстами Старообрядцы
25%
Традиционная для живописных сюжетов на ветхозаветную тематику цензурная плашка, закрывающая оголённые половые признаки персонажей Фиговый лист
25%
Особая военная должность священника на фронте Капеллан
25%
С последователями учения какого католического реформатора в средневековой Европе христиане боролись особо отчаянно, как с еретиками? Ян Гус
25%
Гигант, которого одолел царь Давид Голиаф
25%
Нидерландский религиозный мыслитель, чьи произведения активно запрещались Ватиканом вплоть до показного вандализма над самими экземплярами книг Эразм Роттердамский
25%
Православный мужской монастырь недалеко от Москвы, воссозданный по образу святых мест Палестины Новоиерусалимская лавра
25%
Как в СССР называлось периодическое издание, выступающее с резким осуждением религии? "Не дай бог"
25%
No matching quizzes found
Score Distribution
Percent of People with Each Score
Percentile by Number Answered
Your Score History
You have not taken this quiz